Normal view
MARC view
- Electricidad
Entry Materia
001 - NÚMERO DE CONTROL DEL REGISTRO
- campo de control: 20175
003 - IDENTIFICADOR DE NUMERO DE CONTROL
- campo de control: MX-MxUPN
005 - FECHA Y HORA DE LA ÚLTIMA TRANSACCIÓN
- campo de control: 20241014115941.0
008 - DATOS DE LONGITUD FIJA
- campo de control de longitud fija: 241014n||acnnnbabn n ana |d
035 ## - NÚMERO DE CONTROL DEL SISTEMA
- Número de control del sistema: UPN10000020184
040 ## - FUENTE DE LA CATALOGACIÓN
- Lengua de catalogación: spa
- Agencia de transcripción: MX-MxUPN
- Centro catalogador de origen: MX-MxUPN
150 ## - ENCABEZAMIENTO - TEMÁTICO
- Término de materia o nombre geográfico como elemento inicial: Electricidad
670 ## - FUENTE EN LA QUE SE LOCALIZARON DATOS
- Cita de la fuente: LEMB, 1998 :
- Información localizada: página 374 (Electricidad)
902 ## - CATALOGADOR
- Catalogador: BEC/311096
- Catalogador: MaríaRobles/141024
